000 00487nam a2200205Ia 4500
005 20250425161750.0
008 250425s9999 xx 000 0 und d
041 _aspa
082 _a636.5082
100 _aGAMBOA CALDERON, CAROLINA
245 0 _aGUIA DE INCUBACION ARTIFICAL
250 _a1A ED.
260 _aEcuador
_bMONSERRAT
_c1950
260 _aQUITO
300 _a66
650 _aAGRICULTURA
650 _aAVES DE CORRAL-INCUBACION
942 _c01
010 _a28225
999 _c215693
_d215693